| 000 | 01802nam a2200457 i 4500 | ||
|---|---|---|---|
| 001 | 200442850 | ||
| 003 | TR-AnTOB | ||
| 005 | 20241024131610.0 | ||
| 007 | ta | ||
| 008 | 160309s1997 tu a b 00100 tur d | ||
| 020 |
_a9758052837 _q(hardback) |
||
| 020 |
_a9789758052837 _q(hardback) |
||
| 035 | _a(OCoLC)182932334 | ||
| 040 |
_aTVG _beng _erda _cTVG _dSULEY _dTR-AnTOB |
||
| 041 | 0 | _atur | |
| 060 |
_aWB 143 _b.İ243 1997 |
||
| 096 |
_aWB143 _b.İ243 1997 |
||
| 245 | 1 | 0 |
_aİç hastalıkları : _b(semiyoloji) / _cyazarlar : Abdülkadir Kaysı, Yılmaz Çakaloğlu, Emine Koçyiğit, Senay Molvalılar, Aysel Oram, Atilla Ökten, Ercüment Özdoğan, Kaynak Selekler, Ahmet Tunalı, Hasan Yazıcı ; editör : Senay Molvalılar. |
| 246 | 1 | 0 | _aSemiyoloji. |
| 250 | _a2. basım : Haziran 1997 | ||
| 264 | 1 |
_aCağaloğlu, İstanbul : _bAlfa, _c1997. |
|
| 300 |
_axxxi, 866 pages : _billustrations ; _c24 cm |
||
| 336 |
_atext _btxt _2rdacontent |
||
| 337 |
_aunmediated _bn _2rdamedia |
||
| 338 |
_avolume _bnc _2rdacarrier |
||
| 490 | 0 |
_aYayın no ; _v330 _aDizi no; _v6 |
|
| 650 | 0 |
_aInternal medicine _xDiagnosis _945512 |
|
| 700 | 1 |
_aKaysı, Abdülkadir. _945513 _eauthor |
|
| 700 | 1 |
_aKoçyiğit, Emine. _eauthor _967363 |
|
| 700 | 1 |
_aÖkten, Atilla. _eauthor _967366 |
|
| 700 | 1 |
_999961 _aTunalı, Ahmet. _eauthor |
|
| 700 | 1 |
_aOram, Aysel. _eauthor _967365 |
|
| 700 | 1 |
_aÖzdoğan, Ercüment. _eauthor _967367 |
|
| 700 | 1 |
_aYazıcı, Hasan, _d1945- _eauthor _967369 |
|
| 700 | 1 |
_aSelekler, Kaynak _eauthor _9115031 |
|
| 700 | 1 |
_aMolvalılar, Aliye Şenay. _eauthor _eeditor _912034 |
|
| 830 | 0 |
_92162 _aAlfa Basım Yayım Dağıtım (Yayınları) ; _v330. |
|
| 830 | 0 |
_967370 _aAlfa Basım Yayım Dağıtım (Yayınları) _pTıp dizisi ; _v6. |
|
| 942 |
_2lcc _cBK |
||
| 999 |
_c200442850 _d61062 |
||